[Event "New York"]
[Site "?"]
[Date "1995.??.??"]
[Round "?"]
[White "Kasparov, Gary"]
[Black "Anand, Viswanathan"]
[Result "1-0"]
[WhiteElo "2805"]
[BlackElo "2715"]
[PlyCount "29"]
[EventDate "1995.??.??"]
[Source "www.chesslib.no"]
[SourceDate "2004.05.04"]

1. e4 e5 2. Nf3 Nc6 3. Bb5 a6 4. Ba4 Nf6 5. O-O Nxe4 6. d4 b5 7. Bb3 d5 8. dxe5 Be6 9. Nbd2 Nc5 10. c3 d4 11. Ng5 dxc3 12. Nxe6 fxe6 13. bxc3 Qd3 14. Bc2 Qxc3 15. Nb3 1-0

[Event "Las Palmas m   ("]
[Site "?"]
[Date "1995.??.??"]
[Round "6"]
[White "Kamsky, Gata"]
[Black "Anand, Viswanathan"]
[Result "1/2-1/2"]
[WhiteElo "2710"]
[BlackElo "2715"]
[PlyCount "20"]
[EventDate "1995.??.??"]
[Source "www.chesslib.no"]
[SourceDate "2004.05.04"]

1. e4 e5 2. Nf3 Nc6 3. Bb5 a6 4. Ba4 Nf6 5. O-O Nxe4 6. d4 b5 7. Bb3 d5 8. dxe5 Be6 9. Be3 Bc5 10. Qe2 Qe7 1/2-1/2

[Event "European Team Champi"]
[Site "European Team Champi"]
[Date "1994.??.??"]
[Round "?"]
[White "Anand, Viswanathan"]
[Black "Sokolov, Ivan"]
[Result "0-1"]
[WhiteElo "2715"]
[BlackElo "2650"]
[PlyCount "56"]
[EventDate "1994.??.??"]
[Source "www.chesslib.no"]
[SourceDate "2004.05.04"]

1. e4 e5 2. Nf3 Nc6 3. Bb5 a6 4. Ba4 Nf6 5. O-O Nxe4 6. d4 b5 7. Bb3 d5 8. dxe5 Be6 9. Nbd2 Nc5 10. c3 d4 11. Ng5 Bd5 12. Bxd5 Qxd5 13. Nb3 Nxb3 14. axb3 Be7 15. Nf3 Nxe5 16. Nxd4 Ng6 17. Qf3 Qxf3 18. Nxf3 c5 19. Rd1 O-O 20. Be3 Rfc8 21. Kf1 Nf8 22. Ne5 Bf6 23. Rd5 Bxe5 24. Re1 Ne6 25. f4 g6 26. g4 Kg7 27. f5 gxf5 28. gxf5 Kf6 0-1

[Event "Lyon"]
[Site "?"]
[Date "1994.??.??"]
[Round "?"]
[White "Anand, V."]
[Black "Sokolov, I."]
[Result "0-1"]
[WhiteElo "2720"]
[BlackElo "2625"]
[PlyCount "106"]
[EventDate "1994.??.??"]
[Source "ChessBase"]
[SourceDate "1994.10.01"]

1. e4 e5 2. Nf3 Nc6 3. Bb5 a6 4. Ba4 Nf6 5. O-O Nxe4 6. d4 b5 7. Bb3 d5 8. dxe5 Be6 9. Nbd2 Nc5 10. c3 d4 11. Ng5 Bd5 12. Bxd5 Qxd5 13. Nb3 Nxb3 14. axb3 Be7 15. Nf3 Nxe5 16. Nxd4 Ng6 17. Qf3 Qxf3 18. Nxf3 c5 19. Rd1 O-O 20. Be3 Rfc8 21. Kf1 Nf8 22. Ne5 Bf6 23. Rd5 Bxe5 24. Rxe5 Ne6 25. f4 g6 26. g4 Kg7 27. f5 gxf5 28. gxf5 Kf6 29. Rd5 Rd8 30. Rad1 Rxd5 31. Rxd5 Rd8 32. Rxd8 Nxd8 33. Bxc5 Kxf5 34. Ke2 Ke4 35. Be7 Ne6 36. Bf6 Nf4+ 37. Kd2 Nd5 38. Bg7 f5 39. Bf8 Ne3 40. Ke2 f4 41. Bd6 f3+ 42. Ke1 Nc2+ 43. Kd2 Na1 44. b4 Nb3+ 45. Ke1 Nc1 46. Kf1 Nd3 47. b3 Nc1 48. c4 Nxb3 49. c5 Nd4 50. Bg3 Nc6 51. Be1 Ke3 52. Bc3 Kd3 53. Be1 a5 0-1

[Event "Ch World (match)"]
[Site "Ch World (match)"]
[Date "1981.??.??"]
[Round "18"]
[White "Karpov, Anatoly"]
[Black "Korchnoi, Viktor L"]
[Result "1-0"]
[WhiteElo "2690"]
[BlackElo "2650"]
[PlyCount "44"]
[EventDate "1981.??.??"]
[Source "www.chesslib.no"]
[SourceDate "2004.05.04"]

1. e4 e5 2. Nf3 Nc6 3. Bb5 a6 4. Ba4 Nf6 5. O-O Nxe4 6. d4 b5 7. Bb3 d5 8. dxe5 Be6 9. Nbd2 Nc5 10. c3 d4 11. Bxe6 Nxe6 12. cxd4 Ncxd4 13. a4 Be7 14. Nxd4 Nxd4 15. Ne4 Ne6 16. Be3 O-O 17. f4 f5 18. a5 Rc8 19. Rc1 h6 20. Bb6 Rb8 21. Bc5 Bxc5+ 22. Nxc5 b4 1-0

[Event "GM"]
[Site "Biel SUI"]
[Date "2005.07.18"]
[Round "2"]
[White "Volokitin, And"]
[Black "Nakamura, H."]
[Result "1/2-1/2"]
[WhiteElo "2671"]
[BlackElo "2660"]
[PlyCount "82"]
[EventDate "2005.07.17"]
[Source "www.chesslib.no"]
[SourceDate "2004.05.04"]

1. e4 e5 2. Nf3 Nc6 3. Bb5 a6 4. Ba4 Nf6 5. O-O Nxe4 6. d4 b5 7. Bb3 d5 8. dxe5 Be6 9. Nbd2 Nc5 10. c3 d4 11. Bxe6 Nxe6 12. cxd4 Ncxd4 13. a4 Bb4 14. axb5 Nxb5 15. Qb3 a5 16. Qc4 Nbd4 17. Nxd4 Qxd4 18. Qc6+ Ke7 19. Nf3 Qd7 20. Qc2 h6 21. Rd1 Qb5 22. Nd4 Nxd4 23. Rxd4 Rhd8 24. Qxc7+ Rd7 25. Rxd7+ Qxd7 26. Qc2 Rd8 27. Be3 Qd3 28. Qxd3 Rxd3 29. Kf1 Rb3 30. Bd4 Ke6 31. Ke2 g5 32. Rd1 Kd5 33. Bc3+ Ke6 34. Bd4 Kd5 35. Rd3 Rxd3 36. Kxd3 a4 37. f3 h5 38. Be3 Be7 39. Bd4 Bb4 40. Be3 Be7 41. Bd4 Bb4 1/2-1/2

[Event "Bled (ol) 86/349"]
[Site "?"]
[Date "2002.??.??"]
[Round "?"]
[White "Polgar, Judit"]
[Black "Mamedyarov, Sh"]
[Result "1-0"]
[WhiteElo "2685"]
[BlackElo "2580"]
[PlyCount "45"]
[EventDate "2002.??.??"]
[Source "Chess Informant"]
[SourceDate "2002.10.01"]

1. e4 e5 2. Nf3 Nc6 3. Bb5 a6 4. Ba4 Nf6 5. O-O Nxe4 6. d4 b5 7. Bb3 d5 8. dxe5 Be6 9. Nbd2 Nc5 10. c3 d4 11. Ng5 Bd5 12. Nxf7 Kxf7 13. Qf3+ Ke6 14. Qg4+ Kf7 15. Qf5+ Ke7 16. e6 Bxe6 17. Re1 Qd6 18. Bxe6 Nxe6 19. Ne4 Qe5 20. Bg5+ Kd7 21. Nc5+ Bxc5 22. Qf7+ Kd6 23. Be7+ 1-0

[Event "Bugojno"]
[Site "?"]
[Date "1999.??.??"]
[Round "?"]
[White "Svidler, P."]
[Black "Golod, V."]
[Result "1-0"]
[WhiteElo "2680"]
[BlackElo "2565"]
[PlyCount "61"]
[EventDate "1999.??.??"]
[Source "Chess Informant"]
[SourceDate "1999.10.01"]

1. e4 e5 2. Nf3 Nc6 3. Bb5 a6 4. Ba4 Nf6 5. O-O Nxe4 6. d4 b5 7. Bb3 d5 8. dxe5 Be6 9. Nbd2 Bc5 10. Qe2 Nxd2 11. Bxd2 O-O 12. Rad1 Be7 13. h3 Na7 14. c3 c5 15. Bf4 Nc6 16. Bc2 Qd7 17. Qd3 g6 18. Qe3 d4 19. cxd4 Nxd4 20. Nxd4 cxd4 21. Rxd4 Bc5 22. Rfd1 Qc7 23. Be4 Bxd4 24. Rxd4 Rad8 25. Rd6 a5 26. a3 b4 27. axb4 axb4 28. Qd4 Rc8 29. Bc6 Rb8 30. Bh6 Rfc8 31. Qh4 1-0

[Event "Tch (Men) 2005/2006 CZE"]
[Site "?"]
[Date "2005.10.16"]
[Round "2"]
[White "Navara David"]
[Black "Hracek Zbynek"]
[Result "1/2-1/2"]
[WhiteElo "2646"]
[BlackElo "2581"]
[PlyCount "72"]
[EventDate "2005.??.??"]
[Source "www.chesslib.no"]
[SourceDate "2004.05.04"]

1. e4 e5 2. Nf3 Nc6 3. Bb5 a6 4. Ba4 Nf6 5. O-O Nxe4 6. d4 b5 7. Bb3 d5 8. dxe5 Be6 9. Nbd2 Nc5 10. c3 d4 11. Bxe6 Nxe6 12. cxd4 Ncxd4 13. a4 Bb4 14. Nxd4 Qxd4 15. axb5 O-O 16. bxa6 Rfd8 17. Qf3 Bxd2 18. Rd1 Bxc1 19. Rxd4 Nxd4 20. Qb7 Rdb8 21. Qxc7 Bxb2 22. a7 Re8 23. Ra5 Ne6 24. Qb7 Bc3 25. Rb5 Nf8 26. Qc7 Bxe5 27. Rxe5 Rxa7 28. Qxa7 Rxe5 29. f4 Rf5 30. Qb8 h5 31. h3 h4 32. Kf2 g5 33. g3 hxg3+ 34. Kxg3 Rxf4 35. Qd8 f6 36. h4 Rxh4 1/2-1/2

[Event "Moscow (ol)"]
[Site "?"]
[Date "1994.??.??"]
[Round "?"]
[White "Adams, Mi"]
[Black "Sokolov, A."]
[Result "1/2-1/2"]
[WhiteElo "2640"]
[BlackElo "2580"]
[PlyCount "49"]
[EventDate "1994.??.??"]
[Source "ChessBase"]
[SourceDate "1994.10.01"]

1. e4 e5 2. Nf3 Nc6 3. Bb5 a6 4. Ba4 Nf6 5. O-O Nxe4 6. d4 b5 7. Bb3 d5 8. dxe5 Be6 9. Nbd2 Nc5 10. c3 d4 11. Bxe6 Nxe6 12. cxd4 Ncxd4 13. a4 Bc5 14. Nb3 Nxb3 15. Qxb3 O-O 16. axb5 axb5 17. Rxa8 Qxa8 18. Qxb5 h6 19. Qc4 Rd8 20. h3 Qb7 21. Qc2 Qd5 22. Re1 Bb4 23. Rf1 Bc5 24. Re1 Bb4 25. Rf1 1/2-1/2

[Event "Moscow ol (Men)"]
[Site "Moscow"]
[Date "1994.??.??"]
[Round "4"]
[White "Stefansson, Hannes"]
[Black "Piket, Jeroen"]
[Result "1/2-1/2"]
[WhiteElo "2560"]
[BlackElo "2640"]
[PlyCount "37"]
[EventDate "1994.11.??"]
[Source "ChessBase"]

1. e4 e5 2. Nf3 Nc6 3. Bb5 a6 4. Ba4 Nf6 5. O-O Nxe4 6. d4 b5 7. Bb3 d5 8. dxe5 Be6 9. Be3 Bc5 10. Qd3 O-O 11. Nc3 Nb4 12. Qe2 Nxc3 13. bxc3 Bxe3 14. Qxe3 Nc6 15. Qc5 Na5 16. a4 Nb7 17. Qc6 Na5 18. Qc5 Nb7 19. Qc6 1/2-1/2

[Event "RUS"]
[Site "?"]
[Date "2006.04.24"]
[Round "5"]
[White "Timofeev Artyom"]
[Black "Bezgodov Alexei"]
[Result "0-1"]
[WhiteElo "2646"]
[BlackElo "2554"]
[PlyCount "118"]
[EventDate "2006.??.??"]
[Source "www.chesslib.no"]
[SourceDate "2004.05.04"]

1. e4 e5 2. Nf3 Nc6 3. Bb5 a6 4. Ba4 Nf6 5. O-O Nxe4 6. d4 b5 7. Bb3 d5 8. dxe5 Be6 9. Nbd2 Bc5 10. Qe2 Nxd2 11. Bxd2 O-O 12. Rad1 Bg4 13. Be3 d4 14. Bf4 Na5 15. h3 Bxf3 16. Qxf3 Nxb3 17. axb3 Qe7 18. g4 Qe6 19. Kg2 Bb6 20. Bg3 c5 21. Rfe1 Rac8 22. Qe4 c4 23. c3 d3 24. f4 f5 25. exf6 Qxe4+ 26. Rxe4 Rfe8 27. Kf3 gxf6 28. bxc4 bxc4 29. f5 Kf7 30. Bf4 Rxe4 31. Kxe4 Rc5 32. h4 Rb5 33. Rd2 Ra5 34. Rg2 Rc5 35. g5 fxg5 36. hxg5 Bc7 37. g6+ hxg6 38. fxg6+ Kg8 39. Be3 Rh5 40. Bd4 Bd6 41. g7 Bc5 42. Bf6 a5 43. Rd2 Rh1 44. Be5 a4 45. Rg2 Rh4+ 46. Kf3 Rh3+ 47. Kg4 Re3 48. Kf5 Re2 49. Rxe2 dxe2 50. Bg3 Be3 51. Ke4 Bc1 52. Kd4 Bxb2 53. Kxc4 Kxg7 54. Kb4 a3 55. Kb3 Kf6 56. c4 Ke6 57. Be1 Ke5 58. Ba5 Ke4 59. Be1 Bc1 0-1

[Event "TCh-CRO"]
[Site "Rabac"]
[Date "2004.09.07"]
[Round "3"]
[White "Hracek, Zbynek"]
[Black "Gyimesi, Zoltan"]
[Result "1-0"]
[WhiteElo "2579"]
[BlackElo "2618"]
[PlyCount "91"]
[EventDate "2004.06.21"]
[Source "Roberto Alvarez"]
[SourceDate "2004.09.21"]

1. e4 e5 2. Nf3 Nc6 3. Bb5 a6 4. Ba4 Nf6 5. O-O Nxe4 6. d4 b5 7. Bb3 d5 8. dxe5 Be6 9. Nbd2 Nc5 10. c3 d4 11. Bxe6 Nxe6 12. cxd4 Ncxd4 13. a4 Bc5 14. Ne4 Bb6 15. Nfg5 Qd5 16. Re1 O-O 17. Qd3 Nxg5 18. Nxg5 g6 19. Ne4 Qxe5 20. Bg5 Qf5 21. Be7 Rfc8 22. a5 Ba7 23. Qd2 Ne6 24. Ra3 Qf4 25. Nf6+ Kh8 26. Rh3 h5 27. Nxh5 Bxf2+ 28. Qxf2 Qxf2+ 29. Kxf2 gxh5 30. Rxh5+ Kg7 31. Re4 Nf8 32. Rf4 Ng6 33. Bf6+ Kf8 34. Rh7 c5 35. h4 Kg8 36. Rg7+ Kf8 37. Rh7 Kg8 38. Rh6 Rc6 39. h5 Rxf6 40. Rxf6 Kg7 41. Rhxg6+ fxg6 42. Rxg6+ Kh7 43. g4 c4 44. g5 Rc8 45. Rxa6 b4 46. Ke2 1-0

[Event "MTO Open"]
[Site "?"]
[Date "2005.07.29"]
[Round "11"]
[White "Kobalia Mikhail"]
[Black "Golod Vitali"]
[Result "1/2-1/2"]
[WhiteElo "2614"]
[BlackElo "2582"]
[PlyCount "27"]
[EventDate "2005.??.??"]
[Source "www.chesslib.no"]
[SourceDate "2004.05.04"]

1. e4 e5 2. Nf3 Nc6 3. Bb5 a6 4. Ba4 Nf6 5. O-O Nxe4 6. d4 b5 7. Bb3 d5 8. dxe5 Be6 9. Be3 Be7 10. Nbd2 O-O 11. Nxe4 dxe4 12. Bxe6 fxe6 13. Nd2 Nxe5 14. Nxe4 1/2-1/2

[Event "Sibenik"]
[Site "?"]
[Date "2006.10.02"]
[Round "11.1"]
[White "Sax Gyula"]
[Black "Delchev Aleksander"]
[Result "1/2-1/2"]
[WhiteElo "2545"]
[BlackElo "2637"]
[PlyCount "69"]
[EventDate "2006.??.??"]
[Source "www.chesslib.no"]
[SourceDate "2004.05.04"]

1. e4 e5 2. Nf3 Nc6 3. Bb5 a6 4. Ba4 Nf6 5. O-O Nxe4 6. d4 b5 7. Bb3 d5 8. dxe5 Be6 9. Nbd2 Be7 10. Nxe4 dxe4 11. Bxe6 fxe6 12. Qxd8+ Rxd8 13. Ng5 Nd4 14. Be3 Bxg5 15. Bxg5 Rd5 16. c3 Rxe5 17. cxd4 Rxg5 18. Rfe1 Kd7 19. Rxe4 Rb8 20. Rc1 b4 21. b3 Rb6 22. f3 a5 23. Kf2 Rd6 24. h4 Rgd5 25. Rc4 c6 26. Ke3 Kc7 27. g4 Kb6 28. h5 g6 29. hxg6 hxg6 30. f4 Kc7 31. Rc2 Kd7 32. Rc4 Ke7 33. Re5 Kd7 34. Re4 Ke7 35. Re5 1/2-1/2

[Event "YUG-chT"]
[Site "?"]
[Date "1998.??.??"]
[Round "5"]
[White "Georgiev Kiril"]
[Black "Gyimesi Zoltan"]
[Result "1/2-1/2"]
[WhiteElo "2675"]
[BlackElo "2505"]
[PlyCount "73"]
[EventDate "1998.??.??"]
[Source "www.chesslib.no"]
[SourceDate "2004.05.04"]

1. e4 e5 2. Nf3 Nc6 3. Bb5 a6 4. Ba4 Nf6 5. O-O Nxe4 6. d4 b5 7. Bb3 d5 8. dxe5 Be6 9. Nbd2 Nc5 10. c3 d4 11. Bxe6 Nxe6 12. cxd4 Ncxd4 13. a4 Bc5 14. Ne4 Bb6 15. Be3 O-O 16. axb5 axb5 17. Rxa8 Qxa8 18. Nxd4 Bxd4 19. Nf6+ gxf6 20. Bxd4 Rd8 21. Qg4+ Kh8 22. Be3 Rg8 23. Qh3 fxe5 24. f3 Qf8 25. Qf5 Qg7 26. g3 c5 27. Ra1 Rd8 28. Ra7 Kg8 29. Re7 Nd4 30. Bxd4 cxd4 31. Rxf7 Qxf7 32. Qg5+ Qg6 33. Qxd8+ Kf7 34. Qd7+ Kf8 35. Qd8+ Kf7 36. Qd7+ Kf8 37. Qd8+ 1/2-1/2

[Event "9th HIT Open"]
[Site "Nova Gorica"]
[Date "2004.02.05"]
[Round "9"]
[White "Delchev, Aleksander"]
[Black "Gyimesi, Zoltan"]
[Result "1/2-1/2"]
[WhiteElo "2624"]
[BlackElo "2553"]
[PlyCount "55"]
[EventDate "2004.01.30"]
[Source "Roberto Alvarez"]
[SourceDate "2004.02.09"]

1. e4 e5 2. Nf3 Nc6 3. Bb5 a6 4. Ba4 Nf6 5. O-O Nxe4 6. d4 b5 7. Bb3 d5 8. dxe5 Be6 9. Nbd2 Nc5 10. c3 d4 11. Ng5 Qxg5 12. Qf3 O-O-O 13. Bxe6+ fxe6 14. Qxc6 Qxe5 15. b4 Qd5 16. Qxd5 exd5 17. bxc5 dxc3 18. Nb3 d4 19. Ba3 g6 20. Bb4 Bg7 21. a4 d3 22. axb5 d2 23. bxa6 c2 24. Bxd2 Bxa1 25. Rxa1 Rhe8 26. a7 Kb7 27. a8=Q+ Rxa8 28. Rc1 1/2-1/2

[Event "Haninge"]
[Site "Haninge"]
[Date "1989.??.??"]
[Round "?"]
[White "Sax, Gyula"]
[Black "Hellers, Ferdinand"]
[Result "1/2-1/2"]
[WhiteElo "2610"]
[BlackElo "2565"]
[PlyCount "63"]
[EventDate "1989.05.??"]
[Source "ChessBase"]

1. e4 e5 2. Nf3 Nc6 3. Bb5 a6 4. Ba4 Nf6 5. O-O Nxe4 6. d4 b5 7. Bb3 d5 8. dxe5 Be6 9. Nbd2 Nc5 10. c3 d4 11. Bxe6 Nxe6 12. cxd4 Ncxd4 13. Ne4 Be7 14. Be3 Nf5 15. Qc2 O-O 16. Rad1 Nxe3 17. fxe3 Qc8 18. Ng3 Rd8 19. Nd4 Nxd4 20. exd4 c6 21. Nf5 Bf8 22. Rd3 Qe6 23. Qd2 Rd7 24. Rg3 Kh8 25. Qg5 Qg6 26. Qh4 Qe6 27. Rh3 Qg6 28. Rf4 Rad8 29. Rg3 Qe6 30. Rh3 Qg6 31. Rg3 Qe6 32. Rh3 1/2-1/2

[Event "RUS"]
[Site "?"]
[Date "2006.04.25"]
[Round "6"]
[White "Smirnov Pavel"]
[Black "Bezgodov Alexei"]
[Result "1/2-1/2"]
[WhiteElo "2614"]
[BlackElo "2554"]
[PlyCount "41"]
[EventDate "2006.??.??"]
[Source "www.chesslib.no"]
[SourceDate "2004.05.04"]

1. e4 e5 2. Nf3 Nc6 3. Bb5 a6 4. Ba4 Nf6 5. O-O Nxe4 6. d4 b5 7. Bb3 d5 8. dxe5 Be6 9. Nbd2 Bc5 10. Qe2 Nxd2 11. Bxd2 O-O 12. Rad1 Bg4 13. Be3 d4 14. Bf4 Na5 15. h3 Bxf3 16. Qxf3 Nxb3 17. axb3 Qe7 18. Rfe1 Qe6 19. h4 a5 20. Re4 Rfe8 21. Rde1 1/2-1/2

[Event "MTO"]
[Site "Biel"]
[Date "2004.07.30"]
[Round "11"]
[White "Efimenko, Zahar"]
[Black "Bauer, Christian"]
[Result "1/2-1/2"]
[WhiteElo "2572"]
[BlackElo "2590"]
[PlyCount "58"]
[EventDate "2004.07.19"]
[Source "Roberto Alvarez"]
[SourceDate "2004.08.10"]

1. e4 e5 2. Nf3 Nc6 3. Bb5 a6 4. Ba4 Nf6 5. O-O Nxe4 6. d4 b5 7. Bb3 d5 8. dxe5 Be6 9. Nbd2 Nc5 10. c3 d4 11. Bxe6 Nxe6 12. cxd4 Ncxd4 13. a4 Bc5 14. Ne4 Bb6 15. Nxd4 Bxd4 16. Ng5 O-O 17. axb5 Nxg5 18. Bxg5 Bxf2+ 19. Rxf2 Qxg5 20. bxa6 Qxe5 21. Qa4 Qe3 22. a7 Qb6 23. Qa5 Rfe8 24. Qd5 Rf8 25. Qa5 Rfe8 26. Qxb6 cxb6 27. Rc2 Kf8 28. Rc6 Re7 29. Rxb6 Rexa7 1/2-1/2

[Event "Camp. russo a squadre 2007"]
[Site "Sochi RUS"]
[Date "2007.05.03"]
[Round "2"]
[White "Kobalia, M."]
[Black "Romanov, E."]
[Result "1-0"]
[WhiteElo "2639"]
[BlackElo "2520"]
[PlyCount "77"]
[EventDate "2007.05.02"]
[Source "www.chesslib.no"]
[SourceDate "2004.05.04"]

1. e4 e5 2. Nf3 Nc6 3. Bb5 a6 4. Ba4 Nf6 5. O-O Nxe4 6. d4 b5 7. Bb3 d5 8. dxe5 Be6 9. Be3 Bc5 10. Qe2 O-O 11. Rd1 Bxe3 12. Qxe3 Ne7 13. Nbd2 Nxd2 14. Rxd2 a5 15. c3 a4 16. Bc2 Qd7 17. Re1 c6 18. Ng5 Bf5 19. Bxf5 Nxf5 20. Qd3 h6 21. g4 hxg5 22. gxf5 Rfe8 23. Rde2 Re7 24. Qf3 Rae8 25. Qg4 Qc7 26. f4 f6 27. exf6 Qa7+ 28. Kf1 Rxe2 29. Rxe2 Rxe2 30. Qxe2 Qb8 31. Qe6+ Kh7 32. Qe5 Qxe5 33. fxe5 gxf6 34. e6 Kg7 35. b4 axb3 36. axb3 c5 37. Ke2 Kf8 38. Kd3 Ke7 39. b4 1-0

[Event "I Open Ruy Lopez"]
[Site "Zafra SPA"]
[Date "2007.03.24"]
[Round "5"]
[White "Kolev, At"]
[Black "Sokolov, Iv"]
[Result "0-1"]
[WhiteElo "2502"]
[BlackElo "2652"]
[PlyCount "68"]
[EventDate "2007.03.24"]
[Source "www.chesslib.no"]
[SourceDate "2004.05.04"]

1. e4 e5 2. Nf3 Nc6 3. Bb5 a6 4. Ba4 Nf6 5. O-O Nxe4 6. d4 b5 7. Bb3 d5 8. dxe5 Be6 9. Nbd2 Be7 10. Nxe4 dxe4 11. Bxe6 fxe6 12. Ng5 Qxd1 13. Rxd1 Bxg5 14. Bxg5 h6 15. Bh4 O-O 16. h3 g5 17. Bg3 Rad8 18. a4 b4 19. Kh2 Kh7 20. Re1 Rd2 21. Rxe4 Rxc2 22. Rd1 Kg6 23. b3 a5 24. h4 Ne7 25. Rd7 Nf5 26. f3 c5 27. Rc7 Rd8 28. Be1 Rd4 29. Kh3 Rxe4 30. fxe4 Ne3 31. g4 gxh4 32. Rc6 Nf1 33. Rxe6+ Kg7 34. g5 h5 0-1

[Event "Abu Dhabi ADCF Masters"]
[Site "Abu Dhabi"]
[Date "2002.08.19"]
[Round "8"]
[White "Ulibin, Mikhail"]
[Black "Magerramov, Elmar"]
[Result "1-0"]
[WhiteElo "2589"]
[BlackElo "2551"]
[PlyCount "115"]
[EventDate "2002.08.12"]
[Source "ChessBase"]
[SourceDate "2002.09.11"]

1. e4 e5 2. Nf3 Nc6 3. Bb5 a6 4. Ba4 Nf6 5. O-O Nxe4 6. d4 b5 7. Bb3 d5 8. dxe5 Be6 9. Be3 Bc5 10. Qd3 Ne7 11. c3 Nf5 12. Nd4 Bxd4 13. cxd4 c5 14. dxc5 Rc8 15. Rc1 d4 16. Qxe4 dxe3 17. fxe3 O-O 18. Bxe6 Rxc5 19. Bxf7+ Rxf7 20. Nc3 Rc4 21. Qf3 Qe8 22. Rf1 Qxe5 23. Qa8+ Rf8 24. Qd5+ Qxd5 25. Nxd5 g6 26. Rac1 Rfc8 27. Rce1 Rd8 28. e4 Nd4 29. Rf6 Nc2 30. Re2 Nd4 31. Rd2 Kg7 32. Rxa6 Rd7 33. h3 Nc6 34. b3 Rc1+ 35. Kh2 Ne5 36. Rb6 h5 37. Rxb5 h4 38. Rf2 Nd3 39. Rf6 Rf7 40. Rxf7+ Kxf7 41. Rb7+ Ke6 42. Re7+ Kd6 43. Rf7 Ke5 44. Rf3 Kxe4 45. Nf6+ Kd4 46. Ng4 Rc2 47. a4 Rb2 48. a5 Ra2 49. b4 Nxb4 50. Rf4+ Kc3 51. Ne5 g5 52. Rc4+ Kb3 53. Rc5 Nc2 54. Nf3 Ne3 55. Rxg5 Ra4 56. Rb5+ Kc3 57. Nxh4 Kd3 58. Kg3 1-0

[Event "Kemerovo"]
[Site "Kemerovo"]
[Date "1995.??.??"]
[Round "2"]
[White "Dolmatov, Sergey V"]
[Black "Sagalchik, Gennadij"]
[Result "1-0"]
[WhiteElo "2605"]
[BlackElo "2530"]
[PlyCount "61"]
[EventDate "1995.??.??"]
[Source "www.chesslib.no"]
[SourceDate "2004.05.04"]

1. e4 e5 2. Nf3 Nc6 3. Bb5 a6 4. Ba4 Nf6 5. O-O Nxe4 6. d4 b5 7. Bb3 d5 8. dxe5 Be6 9. Be3 Bc5 10. Qd3 O-O 11. Nc3 Bxe3 12. Qxe3 Nxc3 13. Qxc3 Qd7 14. Rad1 Rad8 15. Ng5 Ne7 16. f4 Bf5 17. h3 c6 18. Qc5 Ng6 19. Kh2 f6 20. exf6 gxf6 21. Nf3 Qd6 22. Qxd6 Rxd6 23. Nd4 Be4 24. f5 Ne5 25. Ne6 Re8 26. Nc5 Nf7 27. Rfe1 Kf8 28. Rd4 a5 29. Kg1 b4 30. Bxd5 Bxd5 31. Ra1 1-0